Integration of microsatellite (SSR) markers in Hevea spp reference genetic: A powerful tool for genetic analysis of qualitative and quantitative agronomic traits (Record no. 61484)

MARC details
000 -LEADER
fixed length control field 00730nam a2200217Ia 4500
100 ## - MAIN ENTRY--AUTHOR NAME
Personal name Seguin Marc
245 #0 - TITLE STATEMENT
Title Integration of microsatellite (SSR) markers in Hevea spp reference genetic: A powerful tool for genetic analysis of qualitative and quantitative agronomic traits
260 ## - PUBLICATION, DISTRIBUTION, ETC. (IMPRINT)
Name of publisher IRRDB Natural Rubber Conference 2008, 13-15 October 2008, Kuala Lumpur, Malaysia: Abstract of papers
500 ## - GENERAL NOTE
General note Source Year: 2008
650 ## - SUBJECT ADDED ENTRY--TOPICAL TERM
Topical Term AFLP
650 ## - SUBJECT ADDED ENTRY--TOPICAL TERM
Topical Term Genome mapping
650 ## - SUBJECT ADDED ENTRY--TOPICAL TERM
Topical Term Microsyslus ulei
650 ## - SUBJECT ADDED ENTRY--TOPICAL TERM
Topical Term QTL
650 ## - SUBJECT ADDED ENTRY--TOPICAL TERM
Topical Term RFLP
650 ## - SUBJECT ADDED ENTRY--TOPICAL TERM
Topical Term SSR
700 ## - ADDED ENTRY--PERSONAL NAME
Personal name 6aWeber Christelle
700 ## - ADDED ENTRY--PERSONAL NAME
Personal name Rodier-Goud Marguerite
856 ## - ELECTRONIC LOCATION AND ACCESS
Uniform Resource Identifier Abst only
942 ## - ADDED ENTRY ELEMENTS (KOHA)
Koha item type Journals
Holdings
Withdrawn status Lost status Damaged status Not for loan Home library Current library Shelving location Date acquired Koha item type
      Journals RRII Library RRII Library Biotechnology 27/01/2009 Journals